| 000 | 00544nam a2200169 a 4500 | ||
|---|---|---|---|
| 001 | 4855 | ||
| 003 | CDMR | ||
| 005 | 20131105175747.0 | ||
| 008 | 130130s1966||||||||||||||||||||||||||||d | ||
| 040 |
_aCDMR _bcat _cCDMR |
||
| 245 | 0 |
_aHow to produce a better newspaper _b= cómo hacer un mejor periódico |
|
| 260 |
_aNew York _c1966 _bCentro Técnico de la SIP |
||
| 300 | _a51 p. | ||
| 500 | _aRecull de les ponències de la XXI Asamblea de San Diego del Centro Técnico de la SIP, octubre de 1965 | ||
| 650 | 0 | 4 |
_91545 _aPremsa |
| 942 |
_cFULLET _2udc |
||
| 999 |
_c4855 _d4855 |
||